000 00566nam a2200205Ia 4500
005 20250508165657.0
008 008 250505s9999 xx 000 0 eng d
037 _aTextual
040 _aFEDL
_beng
_cFEDL
041 _aeng
_2eng
084 _a530.4, VEN
_qFEDL
100 _aVenkataraman G.
245 0 _aMany Phases of matter
260 _aHyderabad, India
_bUniversities Press (India) Limited
_c1991
300 _avii,94p.
365 _aINR
_b40
490 _aVignettes in physics
942 _cTEXL
_h530.4, VEN
999 _c1396692
_d1396692